00720nam a2200229Ia 450000500170000000800410001702000170005804000190007504100120009408200150010610000240012124501060014526000280025130000170027965000200029665100200031670000180033685000100035494200070036499900170037195201020038820250526123559.0131103s9999 xx 000 0 und d a033392 103 8 aLoreto College aEnglish a900/NbVAS aVasudeva Rao, T. N. aIndian history and civilizationcT. N. Vasudeva Rao & Others; edited by C. E. ramachandran & A. Jacob aMadrasbMacmillanc1989 a221p.b ill. aHistory - India aIndia - History aRajaraman, P. aLCBED cBK c29031d79510 00102ddc4070aMAINbMAINd2013-11-04l0o900/N VAS 11574pB31880r2013-11-04w2013-11-04yBKf